| 000 | 00534nam a22001937a 4500 | ||
|---|---|---|---|
| 003 | OSt | ||
| 005 | 20140310181752.0 | ||
| 008 | 130627t xxu||||| |||| 00| 0 eng d | ||
| 020 | _a9712310051 | ||
| 050 |
_aTJ 145 _b.N716 1992 |
||
| 082 |
_aFIL 620.1 _bN622 1992 |
||
| 100 | _aNino, Emmanuel F. | ||
| 245 |
_aMechanical technology : _ba guidebook / _cEmmanuel F. Nino. |
||
| 260 |
_aManila, Philippines : _b Rex Book Store, _cc1992. |
||
| 300 |
_a92 p. : _bill. ; _c26 cm. |
||
| 562 | _e1 | ||
| 942 |
_2lcc _cBK |
||
| 999 |
_c3276 _d3276 |
||